[Event "Keshabananda Das Memorial 3rd"]
[Site "Bhubaneswar"]
[Date "2014.08.23"]
[Round "9"]
[White "Vijayalakshmi, Subbaraman"]
[Black "Santu, Mitra"]
[Result "0-1"]
[WhiteElo "2339"]
[BlackElo "2142"]
[PlyCount "80"]
[EventDate "2014.08.18"]
[EventType "swiss"]
[EventRounds "10"]
[EventCountry "IND"]
[SourceTitle "CBM 162 Extra"]
[Source "ChessBase"]
[SourceDate "2014.10.17"]
[SourceVersion "1"]
[SourceVersionDate "2014.10.17"]
[SourceQuality "1"]

1. Nf3 d5 2. d4 c6 3. c4 e6 4. Nbd2 f5 5. g3 Nf6 6. Bg2 Bd6 7. 0-0 0-0 8. b3 b6 9. Ne5 Bb7 10. Bb2 Qe7 11. Rc1 a5 12. Qc2 Na6 13. Qb1 Ne4 14. Nxe4 fxe4 15. f3 Bxe5 16. dxe5 exf3 17. exf3 c5 18. cxd5 Bxd5 19. Rcd1 Rad8 20. Rf2 Nb4 21. Bc3 Nc6 22. Qc1 Qc7 23. Qe3 Ne7 24. Rfd2 Nf5 25. Qd3 Rd7 26. Bh3 Rdf7 27. f4 Qc6 28. Re1 c4 29. bxc4 Bxc4 30. Qe4 Bd5 31. Qd3 Bc4 32. Qc2 Qc5+ 33. Rf2 Rd8 34. Rc1 Ne3 35. Qb1 Rfd7 36. Be1 Rd1 37. Rf3 Rxc1 38. Qxc1 Rd1 39. Bxe6+ Kh8 40. Qxe3 Rxe1+ 0-1